The Digestive system and the urinary system / (Record no. 5848)

MARC details
000 -LEADER
fixed length control field 01415cam a2200325 a 4500
001 - CONTROL NUMBER
control field 4328804
003 - CONTROL NUMBER IDENTIFIER
control field OSt
005 - DATE AND TIME OF LATEST TRANSACTION
control field 20170921161921.0
008 - FIXED-LENGTH DATA ELEMENTS--GENERAL INFORMATION
fixed length control field 880519s1989 stka b 000 0 eng c
010 ## - LIBRARY OF CONGRESS CONTROL NUMBER
LC control number 88018153
020 ## - INTERNATIONAL STANDARD BOOK NUMBER
International Standard Book Number 0443039372
040 ## - CATALOGING SOURCE
Original cataloging agency DNLM/DLC
Transcribing agency DLC
Modifying agency DLC
082 ## - DEWEY DECIMAL CLASSIFICATION NUMBER
Classification number WY 18
Item number R431d 1989
245 04 - TITLE STATEMENT
Title The Digestive system and the urinary system /
Statement of responsibility, etc. edited by Janet T.E. Riddle ; with contributions from Elizabeth M. Stewart ... [et al.] ; foreword by Margaret F. Alexander.
260 ## - PUBLICATION, DISTRIBUTION, ETC. (IMPRINT)
Place of publication, distribution, etc. Edinburgh [Scotland] ;
-- New York :
Name of publisher, distributor, etc. Churchill Livingstone,
Date of publication, distribution, etc. 1989.
300 ## - PHYSICAL DESCRIPTION
Extent 123 p. :
Other physical details ill. ;
Dimensions 25 cm.
490 1# - SERIES STATEMENT
Series statement Nursing care studies : 500 questions and answers for self-assessment ;
Volume/sequential designation 4
504 ## - BIBLIOGRAPHY, ETC. NOTE
Bibliography, etc Bibliography: p. [116]-123.
650 #0 - SUBJECT ADDED ENTRY--TOPICAL TERM
Topical term or geographic name as entry element Urological nursing
General subdivision Examinations, questions, etc.
9 (RLIN) 12146
650 #0 - SUBJECT ADDED ENTRY--TOPICAL TERM
Topical term or geographic name as entry element Gastrointestinal system
General subdivision Diseases
-- Nursing
-- Examinations, questions, etc.
9 (RLIN) 12147
650 #2 - SUBJECT ADDED ENTRY--TOPICAL TERM
Topical term or geographic name as entry element Digestive System
General subdivision examination questions.
9 (RLIN) 12148
650 #2 - SUBJECT ADDED ENTRY--TOPICAL TERM
Topical term or geographic name as entry element Digestive System Diseases
General subdivision nursing
-- examination questions.
9 (RLIN) 12149
650 #2 - SUBJECT ADDED ENTRY--TOPICAL TERM
Topical term or geographic name as entry element Urinary Tract
General subdivision examination questions.
9 (RLIN) 12150
650 #2 - SUBJECT ADDED ENTRY--TOPICAL TERM
Topical term or geographic name as entry element Urologic Diseases
General subdivision nursing
-- examination questions.
9 (RLIN) 12151
700 1# - ADDED ENTRY--PERSONAL NAME
Personal name Riddle, Janet T. E.
9 (RLIN) 12152
700 1# - ADDED ENTRY--PERSONAL NAME
Personal name Stewart, Elizabeth M.
9 (RLIN) 12153
830 #0 - SERIES ADDED ENTRY--UNIFORM TITLE
Uniform title Nursing care studies ;
Volume number/sequential designation 4.
9 (RLIN) 12154
906 ## - LOCAL DATA ELEMENT F, LDF (RLIN)
a 7
b cbc
c orignew
d 1
e ocip
f 19
g y-gencatlg
942 ## - ADDED ENTRY ELEMENTS (KOHA)
Source of classification or shelving scheme Other/Generic Classification Scheme
Koha item type Open Shelf
Holdings
Withdrawn status Lost status Source of classification or shelving scheme Damaged status Not for loan Home library Current library Date acquired Source of acquisition Inventory number Total Checkouts Full call number Barcode Date last seen Price effective from Koha item type
    Other/Generic Classification Scheme     MUST Main Library MUST Main Library 21/09/2017   6087   WY 18 R431d 1989 2017-0846 21/09/2017 21/09/2017 Open Shelf
    Other/Generic Classification Scheme     MUST Main Library MUST Main Library 21/09/2017   6086   WY 18 R431d 1989 2017-0847 21/09/2017 21/09/2017 Open Shelf